| 000 | 00474nam a22001457a 4500 | ||
|---|---|---|---|
| 008 | 170110b xxu||||| |||| 00| 0 eng d | ||
| 050 | _aJQ2947.A58 D758 | ||
| 100 |
_aDraemann, Claudia _928202 |
||
| 245 |
_aKenya and its efforts on democratization and good governance _cClaudia Draemann |
||
| 260 |
_aGermany _bDruck und Bindung _c2006 |
||
| 300 |
_a24p. ; _c21cm. |
||
| 440 |
_aSeminar paper politics _928203 |
||
| 650 |
_aKenya _xDemocracy _928204 |
||
| 942 |
_2lcc _cMONOGRAPH |
||
| 999 |
_c125921 _d125921 |
||